| 000 | 00635cam a2200241 4500 | ||
|---|---|---|---|
| 008 | #DATE n2001 000 0 eng u | ||
| 020 | _a1860814875 | ||
| 035 | _a(Sirsi) u116082 | ||
| 041 | _aeng | ||
| 050 | _a690 | ||
| 100 | _aNewman, C. | ||
| 110 | _aBuilding Research Establishment | ||
| 245 | _aHot air repair of PVC-U profiles | ||
| 260 |
_aLondon _bCRC Ltd _c2001 |
||
| 300 | _a6p. : ill. ; 30cm. | ||
| 490 |
_aBRE Information Paper _vIP 12/01 |
||
| 650 | _aCONSERVATORIES | ||
| 650 | _aDOORS | ||
| 650 | _aPVC | ||
| 650 | _aWINDOWS | ||
| 690 | _aBUILDING AND CONSTRUCTION-REPAIRS AND MAINTENANCE | ||
| 942 | _n0 | ||
| 999 |
_c101824 _d101824 |
||